Gedanken und Erinnerungen (Record no. 6779)

MARC details
000 -CABECERA
campo de control de longitud fija 01011nam a2200277 a 4500
001 - NÚMERO DE CONTROL
campo de control BRCA_7098
005 - FECHA Y HORA DE LA ÚLTIMA TRANSACCIÓN
campo de control 20190320205718.0
008 - DATOS DE LONGITUD FIJA--INFORMACIÓN GENERAL
campo de control de longitud fija 271211s19111919gw-ac#####---#000-0#ger-#
041 ## - CÓDIGO DE LENGUA
Código de lengua del texto/banda sonora o título independiente ger
044 ## - CÓDIGO DEL PAÍS DE LA ENTIDAD EDITORA/PRODUCTORA
Código MARC del país gw
050 #4 - SIGNATURA TOPOGRÁFICA DE LA BIBLIOTECA DEL CONGRESO
Número de clasificación DD218
Número de documento/Ítem .A14 1911-1919
100 1# - ENTRADA PRINCIPAL--NOMBRE DE PERSONA
Nombre de persona Bismarck, Otto
Títulos y otros términos asociados al nombre Fürst von
Fechas asociadas al nombre 1815-1898
9 (RLIN) 17211
245 10 - MENCIÓN DE TÍTULO
Título Gedanken und Erinnerungen
Mención de responsabilidad, etc. von Otto Fürst von Bismarck
250 ## - MENCIÓN DE EDICIÓN
Mención de edición Volksausgabe
260 ## - PUBLICACIÓN, DISTRIBUCIÓN, ETC.
Lugar de publicación, distribución, etc. Stuttgart y Berlín
Nombre del editor, distribuidor, etc. J.G. Cotta’sche Buchhandlung Nachfolger
Fecha de publicación, distribución, etc. 1911-1919
300 ## - DESCRIPCIÓN FÍSICA
Extensión 3 v.
Otras características físicas il.
Dimensiones 19 cm. (v.1 y 2) ; 24 cm. (v.3)
500 ## - NOTA GENERAL
Nota general Inicio de la publicación 1911
500 ## - NOTA GENERAL
Nota general El v.3 se publico en 1919. Ejemplar con dedicatoria a Franz Mayer por Carl [Meriny]
500 ## - NOTA GENERAL
Nota general O109
651 #4 - PUNTO DE ACCESO ADICIONAL DE MATERIA--NOMBRE GEOGRÁFICO
Nombre geográfico Alemania
Subdivisión general Historia
Subdivisión cronológica 1789-1900
9 (RLIN) 17634
651 #4 - PUNTO DE ACCESO ADICIONAL DE MATERIA--NOMBRE GEOGRÁFICO
Nombre geográfico Alemania
Subdivisión general Política y gobierno
Subdivisión cronológica 1789-1900
9 (RLIN) 17635
651 #4 - PUNTO DE ACCESO ADICIONAL DE MATERIA--NOMBRE GEOGRÁFICO
Nombre geográfico Prusia (Alemania)
Subdivisión general Política y gobierno
Subdivisión cronológica 1815-1870
9 (RLIN) 17636
651 #4 - PUNTO DE ACCESO ADICIONAL DE MATERIA--NOMBRE GEOGRÁFICO
Nombre geográfico Europa
Subdivisión general Política y gobierno
Subdivisión cronológica 1789-1900
9 (RLIN) 17637
902 ## - CATALOGADOR
Iniciales GFM
942 ## - ELEMENTOS DE PUNTO DE ACCESO ADICIONAL (KOHA)
Fuente del sistema de clasificación o colocación Library of Congress Classification
Tipo de ítem Koha Libros
Holdings
Estado de retiro Estado de pérdida Estado dañado No para préstamo Localización permanente Ubicación/localización actual Fecha de adquisición Número de inventario Total de préstamos Signatura topográfica completa Código de barras Fecha visto por última vez Precio válido a partir de Tipo de ítem Koha
El ejemplar forma parte de la colección y puede ser consultado según las políticas vigentes.       Biblioteca del Museo Franz Mayer (Rogerio Casas-Alatriste) Biblioteca del Museo Franz Mayer (Rogerio Casas-Alatriste) 27/12/2011 O109   DD218 .A14 1911-1919 (O109) 7545 22/03/2019 22/03/2019 Libros